000 00348 a2200157 4500
001 46463
020 _a9788526008663
040 _cAnchieta - Aquarius
100 _aTeixeira, Matheus
240 1 0 _aA Ilha dos dragões
_lpor
245 1 0 _aA Ilha dos dragões
300 _a
362 0 _a0
650 4 _aLiteratura infanto-juvenil
942 _cBK
999 _c46463
_d46463